Statystyki dla 10 państw Azji wysuniętych najbardziej na zachód

Kliknij tutaj aby rozwiązać quiz!

Ogólne statystyki

  • Ten quiz został rozwiązany 44 razy
  • Średni wynik to 8 z 10

Statystyki odpowiedzi

Długość
Geograficzna
Państwo% Poprawnych
25°39'ETurcja
93%
34°15'EIzrael
90%
41°30'EGruzja
88%
38°50'EIrak
88%
35°30'ESyria
88%
32°16'ECypr
83%
34°33'EArabia Saudyjska
81%
34°55'EJordania
79%
35°06'ELiban
74%
41°49'EJemen
71%

Rozkład punktacji

Percentyl według liczby udzielonych odpowiedzi

Procent ludzi z każdym wynikiem

Twoja historia wyników

Nie rozwiązałeś tego quizu